[Event "VL-2022/23"]
[Site "MVP"]
[Date "2022.12.11"]
[Round "4.2"]
[White "Busch, Martin"]
[Black "Schinke, Andreas"]
[Result "1-0"]
[WhiteElo "2117"]
[BlackElo "2053"]
[PlyCount "73"]
[EventDate "2022.??.??"]
[EventType "team-tourn"]
[EventRounds "9"]
[EventCountry "GER"]
[WhiteTeam "Think Rochade"]
[BlackTeam "GW Wismar"]
[WhiteTeamCountry "GER"]
[BlackTeamCountry "GER"]

1. c4 Nf6 2. g3 c6 3. Nf3 d5 4. b3 g6 5. Bb2 Bg7 6. Bg2 O-O 7. O-O Bf5 8. d3 Na6 9. Nbd2 Re8 10. Qc2 Nb4 11. Qd1 a5 12. a3 Na6 13. Qc2 Qc8 14. Rfc1 Bh3 15. Bh1 h6 16. Rab1 Nc7 17. cxd5 Ncxd5 18. e4 Nb6 19. d4 Qg4 20. Ne5 Qe2 21. Bf3 Qb5 22. Nf1 Nbd7 23. Be2 Qb6 24. Nxd7 Nxd7 25. Ne3 Be6 26. d5 cxd5 27. Bxg7 Kxg7 28. exd5 Bh3 29. Qc3+ Nf6 30. Nc4 Qc5 31. g4 b5 32. Qxh3 bxc4 33. bxc4 Ne4 34. Qe3 Qxe3 35. fxe3 Rec8 36. Rb7 Kf6 37. Rf1+ 1-0

[Event "VL-2022/23"]
[Site "MVP"]
[Date "2022.12.11"]
[Round "4.3"]
[White "Kliewe, Hans-Juergen"]
[Black "Celmer, Ole"]
[Result "1-0"]
[WhiteElo "2111"]
[BlackElo "1930"]
[PlyCount "65"]
[EventDate "2022.??.??"]
[EventType "team-tourn"]
[EventRounds "9"]
[EventCountry "GER"]
[WhiteTeam "GW Wismar"]
[BlackTeam "Think Rochade"]
[WhiteTeamCountry "GER"]
[BlackTeamCountry "GER"]

1. d4 Nf6 2. Nf3 d5 3. Bf4 c5 4. e3 Nc6 5. c3 Qb6 6. Qc2 g6 7. Nbd2 Bf5 8. Qb3 c4 9. Qxb6 axb6 10. a3 b5 11. Rc1 Nh5 12. Bg3 Nxg3 13. hxg3 Bg7 14. Nh4 O-O 15. Nxf5 gxf5 16. f4 Na7 17. Be2 Nc8 18. g4 fxg4 19. Bxg4 Nd6 20. Bf3 e6 21. e4 dxe4 22. Nxe4 Nxe4 23. Bxe4 f5 24. Bxb7 Rab8 25. Bf3 Rf6 26. Kf2 Rh6 27. Rhe1 Rb6 28. Rcd1 Bf8 29. g3 Kg7 30. d5 Rd6 31. dxe6 Rhxe6 32. Rxe6 Rxe6 33. Rd5 1-0

[Event "VL-2022/23"]
[Site "MVP"]
[Date "2022.12.11"]
[Round "4.4"]
[White "Gazizov, Max"]
[Black "Lanz, Joerg"]
[Result "1/2-1/2"]
[WhiteElo "1689"]
[BlackElo "2055"]
[PlyCount "63"]
[EventDate "2022.??.??"]
[EventType "team-tourn"]
[EventRounds "9"]
[EventCountry "GER"]
[WhiteTeam "Think Rochade"]
[BlackTeam "GW Wismar"]
[WhiteTeamCountry "GER"]
[BlackTeamCountry "GER"]

1. d4 Nf6 2. c4 g6 3. Nc3 Bg7 4. e4 d6 5. Nf3 O-O 6. Be2 Nbd7 7. O-O e5 8. d5 Nc5 9. Qc2 a5 10. b3 Nh5 11. Ne1 Nf4 12. Bd1 f5 13. f3 Bd7 14. Be3 b6 15. Rc1 Qf6 16. Kh1 Rf7 17. Nb5 Bxb5 18. cxb5 Raf8 19. a3 Qh4 20. b4 axb4 21. axb4 Nb7 22. Rg1 Nh5 23. Bf2 Qg5 24. g4 fxg4 25. Rxg4 Qe7 26. Be3 Nf4 27. Ra1 h5 28. Rg1 Qf6 29. Ra7 Rb8 30. Nd3 Kh7 31. Ne1 Bh6 32. Qc1 1/2-1/2

[Event "VL-2022/23"]
[Site "MVP"]
[Date "2022.12.11"]
[Round "4.5"]
[White "Borchert, Chris"]
[Black "Morosova, Svetlana"]
[Result "1-0"]
[WhiteElo "2143"]
[BlackElo "1675"]
[PlyCount "71"]
[EventDate "2022.??.??"]
[EventType "team-tourn"]
[EventRounds "9"]
[EventCountry "GER"]
[WhiteTeam "GW Wismar"]
[BlackTeam "Think Rochade"]
[WhiteTeamCountry "GER"]
[BlackTeamCountry "GER"]

1. d4 Nf6 2. Bg5 Ne4 3. Bf4 c5 4. f3 Qa5+ 5. c3 Nf6 6. d5 e6 7. e4 Nh5 8. Bg5 h6 9. Be3 d6 10. Nd2 exd5 11. exd5 Qd8 12. g3 g6 13. Bb5+ Bd7 14. Qe2 Bxb5 15. Qxb5+ Qd7 16. Qe2 Qe7 17. Ne4 Bg7 18. g4 Nf6 19. Nxd6+ Kd7 20. Qb5+ Kxd6 21. Qxc5+ Kd7 22. Qb5+ Kc8 23. Kf2 Na6 24. Rd1 Re8 25. Rd3 Nd7 26. Bd4 Bxd4+ 27. cxd4 Qe1+ 28. Kg2 Qe7 29. Rc3+ Kd8 30. Qxb7 Rb8 31. Qxa6 Rxb2+ 32. Kh3 Qb4 33. Rc8+ Ke7 34. d6+ Kf6 35. Rxe8 Qd2 36. Re2 1-0

[Event "VL-2022/23"]
[Site "MVP"]
[Date "2022.12.11"]
[Round "4.6"]
[White "Jaensch, Robert"]
[Black "Littke, Helmut"]
[Result "0-1"]
[WhiteElo "1756"]
[BlackElo "2054"]
[PlyCount "62"]
[EventDate "2022.??.??"]
[EventType "team-tourn"]
[EventRounds "9"]
[EventCountry "GER"]
[WhiteTeam "Think Rochade"]
[BlackTeam "GW Wismar"]
[WhiteTeamCountry "GER"]
[BlackTeamCountry "GER"]

1. e4 c5 2. Nf3 e6 3. d4 cxd4 4. Nxd4 a6 5. a3 Qc7 6. Nc3 Nf6 7. g3 b5 8. Bg2 Bb7 9. O-O Bc5 10. Be3 d6 11. Rc1 O-O 12. Bg5 Nbd7 13. Re1 Qb6 14. Be3 Qc7 15. Nb3 Bxe3 16. Rxe3 Ne5 17. Nd2 Rfd8 18. Na2 Rac8 19. Nb4 a5 20. Rc3 Nc4 21. Nxc4 axb4 22. axb4 bxc4 23. b3 d5 24. exd5 Bxd5 25. Bxd5 exd5 26. Qd4 Qb7 27. Rd1 cxb3 28. Rxb3 Rxc2 29. Ra1 Rc4 30. Ra7 Qb8 31. Qa1 Rxb4 0-1

[Event "VL-2022/23"]
[Site "MVP"]
[Date "2022.12.11"]
[Round "4.7"]
[White "Roeder, Phillip"]
[Black "Ostrzinski, Jan"]
[Result "1-0"]
[WhiteElo "2011"]
[BlackElo "1532"]
[PlyCount "101"]
[EventDate "2022.??.??"]
[EventType "team-tourn"]
[EventRounds "9"]
[EventCountry "GER"]
[WhiteTeam "GW Wismar"]
[BlackTeam "Think Rochade"]
[WhiteTeamCountry "GER"]
[BlackTeamCountry "GER"]

1. Nc3 Nf6 2. e4 e5 3. f4 d6 4. Nf3 exf4 5. d4 Nc6 6. Bc4 Bg4 7. Bxf4 Qe7 8. Bg5 h6 9. Nd5 Qxe4+ 10. Kf2 O-O-O 11. Nxf6 Qf5 12. Nxg4 hxg5 13. Ne3 Qf6 14. Nd5 Qf5 15. Qd3 Qxd3 16. Bxd3 g4 17. Bf5+ Kb8 18. Bxg4 g6 19. c3 f5 20. Bh3 Bh6 21. Rhe1 Rdf8 22. Ng1 g5 23. g3 g4 24. Bg2 Bg5 25. h4 Bh6 26. Ne2 Bd2 27. Red1 Bh6 28. Nef4 Rf7 29. Re1 Na5 30. Ng6 Rg8 31. Ndf4 c6 32. Bf1 b5 33. Re6 Bxf4 34. Nxf4 Kc7 35. d5 a6 36. Rae1 Rd8 37. Re7+ Rd7 38. Ne6+ Kb6 39. Rxf7 Rxf7 40. Nd8 Rf8 41. Nxc6 Nxc6 42. dxc6 Kxc6 43. Bg2+ Kc5 44. Re7 Rf6 45. Ke3 a5 46. Kf4 b4 47. h5 bxc3 48. bxc3 Kc4 49. Rc7+ Kb5 50. Kg5 Rf8 51. h6 1-0

[Event "VL-2022/23"]
[Site "MVP"]
[Date "2022.12.11"]
[Round "4.8"]
[White "Gazizova, Alina"]
[Black "Junggebauer, Thomas"]
[Result "1/2-1/2"]
[WhiteElo "1529"]
[BlackElo "1971"]
[PlyCount "46"]
[EventDate "2022.??.??"]
[EventType "team-tourn"]
[EventRounds "9"]
[EventCountry "GER"]
[WhiteTeam "Think Rochade"]
[BlackTeam "GW Wismar"]
[WhiteTeamCountry "GER"]
[BlackTeamCountry "GER"]

1. d4 e6 2. Bf4 Nf6 3. e3 b6 4. Nf3 Bb7 5. Bd3 c5 6. c3 Be7 7. h3 O-O 8. O-O d5 9. Nbd2 Nbd7 10. Qb1 Rc8 11. e4 Nxe4 12. Nxe4 dxe4 13. Bxe4 Bxe4 14. Qxe4 Nf6 15. Qe2 Nd5 16. Bh2 Bf6 17. Rfe1 Qe7 18. Rac1 Rfd8 19. a3 h6 20. c4 Nc7 21. dxc5 Qxc5 22. b4 Qe7 23. Ne5 Bxe5 1/2-1/2

[Event "VL-2022/23"]
[Site "MVP"]
[Date "2022.12.11"]
[Round "4.5"]
[White "Jung, Werner"]
[Black "Wurst, Maximilian"]
[Result "1/2-1/2"]
[WhiteElo "2004"]
[BlackElo "1723"]
[PlyCount "152"]
[EventDate "2022.??.??"]
[EventType "team-tourn"]
[EventRounds "9"]
[EventCountry "GER"]
[WhiteTeam "SF Schwerin II"]
[BlackTeam "SSC Rostock"]
[WhiteTeamCountry "GER"]
[BlackTeamCountry "GER"]

1. e4 e5 2. d4 exd4 3. Qxd4 Nc6 4. Qe3 d6 5. Bd2 Nf6 6. Nc3 g6 7. f3 Bg7 8. O-O-O O-O 9. g4 Ne5 10. h4 Be6 11. Nh3 Nc4 12. Bxc4 Bxc4 13. b3 Be6 14. Nf4 Re8 15. g5 Nd7 16. Nce2 a5 17. Bc3 Ne5 18. Nxe6 Rxe6 19. Rhg1 a4 20. f4 Nc6 21. Bxg7 Kxg7 22. Qc3+ Kg8 23. Ng3 axb3 24. axb3 Qf8 25. h5 Qg7 26. Qxg7+ Kxg7 27. Kb2 Ree8 28. c3 Ra5 29. Ra1 Rea8 30. Rxa5 Rxa5 31. b4 Ra8 32. Kb3 Ne7 33. f5 f6 34. Rf1 gxf5 35. exf5 Nd5 36. c4 Re8 37. Rf3 Ne3 38. h6+ Kf7 39. gxf6 Kxf6 40. Nh5+ Kf7 41. Ng7 Re4 42. Ne6 Kf6 43. Nxc7 Nxf5 44. Nd5+ Kg6 45. Kc3 Rh4 46. Ne3 Nxe3 47. Rxe3 Rxh6 48. Re6+ Kg5 49. Re7 Kf5 50. Rxb7 Ke5 51. Re7+ Kf6 52. Re3 Rh1 53. Kd4 Rd1+ 54. Ke4 Ke6 55. Rh3 Kd7 56. Rxh7+ Kc6 57. Rh5 Re1+ 58. Kd3 Rd1+ 59. Kc2 Rd4 60. Kc3 Rd1 61. Rh2 Ra1 62. Rd2 Rh1 63. b5+ Kc7 64. Rd3 Rc1+ 65. Kd4 Rh1 66. Re3 Rd1+ 67. Ke4 Rc1 68. Kd4 Rd1+ 69. Rd3 Rh1 70. Kc3 Rc1+ 71. Kb3 Rb1+ 72. Kc2 Rh1 73. Kb3 Rb1+ 74. Ka4 Ra1+ 75. Kb4 Rb1+ 76. Rb3 Rc1 1/2-1/2

[Event "VL-2022/23"]
[Site "MVP"]
[Date "2022.12.11"]
[Round "4.6"]
[White "Walz, Fabian"]
[Black "Krueger, Gerhard"]
[Result "1-0"]
[WhiteElo "1342"]
[BlackElo "1972"]
[PlyCount "45"]
[EventDate "2022.??.??"]
[EventType "team-tourn"]
[EventRounds "9"]
[EventCountry "GER"]
[WhiteTeam "SSC Rostock"]
[BlackTeam "SF Schwerin II"]
[WhiteTeamCountry "GER"]
[BlackTeamCountry "GER"]

1. e4 c5 2. c3 d5 3. exd5 Qxd5 4. d4 Nc6 5. Nf3 Nf6 6. Be3 cxd4 7. Nxd4 Nxd4 8. Qxd4 e5 9. Qd3 Be7 10. c4 Qa5+ 11. Nc3 Be6 12. Be2 Rc8 13. b3 b5 14. c5 a6 15. O-O Bxc5 16. Ne4 Nxe4 17. Qxe4 f6 18. Bxc5 Rxc5 19. b4 Qa4 20. Bh5+ Kf8 21. Rac1 Bd5 22. Qg4 Rc2 23. Qd7 1-0

[Event "VL-2022/23"]
[Site "MVP"]
[Date "2022.12.11"]
[Round "4.8"]
[White "Hochgraefe, Hans-Juergen"]
[Black "Pamperin, Gerhard"]
[Result "1/2-1/2"]
[WhiteElo "1984"]
[BlackElo "1901"]
[PlyCount "54"]
[EventDate "2022.??.??"]
[EventType "team-tourn"]
[EventRounds "9"]
[EventCountry "GER"]
[WhiteTeam "SSC Rostock"]
[BlackTeam "SF Schwerin II"]
[WhiteTeamCountry "GER"]
[BlackTeamCountry "GER"]

1. d4 d5 2. Nf3 Nf6 3. c3 e6 4. Bg5 c5 5. e3 Qb6 6. Qb3 Nbd7 7. Nbd2 Be7 8. Be2 O-O 9. O-O h6 10. Bh4 Bd6 11. Bg3 Qc7 12. Rac1 c4 13. Qc2 b5 14. a3 Bb7 15. Bxd6 Qxd6 16. h3 a5 17. Rfe1 b4 18. axb4 axb4 19. b3 cxb3 20. Qxb3 bxc3 21. Rxc3 Rfb8 22. Qc2 Ba6 23. Rc6 Qa3 24. Bxa6 Rxa6 25. Rc8+ Rxc8 26. Qxc8+ Kh7 27. Rc1 Ra8 1/2-1/2

[Event "VL-2022/23"]
[Site "MVP"]
[Date "2023.01.15"]
[Round "5.1"]
[White "Lehmann, Ruben"]
[Black "Fischer, Torsten"]
[Result "1-0"]
[WhiteElo "1985"]
[BlackElo "2026"]
[PlyCount "83"]
[EventDate "2022.??.??"]
[EventType "team-tourn"]
[EventRounds "9"]
[EventCountry "GER"]
[WhiteTeam "HSG Stralsund"]
[BlackTeam "SF Schwerin II"]
[WhiteTeamCountry "GER"]
[BlackTeamCountry "GER"]

1. d4 e6 2. c4 Nf6 3. Nc3 Bb4 4. e3 O-O 5. Bd3 b6 6. Nf3 Bb7 7. O-O Bxc3 8. bxc3 c5 9. Qe2 Ne4 10. Bb2 d6 11. Ne1 Nd7 12. f3 Nef6 13. e4 Qc7 14. f4 e5 15. fxe5 dxe5 16. d5 Ne8 17. Nf3 Nd6 18. Nh4 b5 19. cxb5 c4 20. Bc2 Qc5+ 21. Kh1 Qxb5 22. Ba3 Qa6 23. Bxd6 Qxd6 24. Nf5 Qc7 25. d6 Qd8 26. Qxc4 Kh8 27. Rf3 Nb6 28. Qe2 Bc8 29. Rd1 Bxf5 30. Rxf5 f6 31. Rh5 h6 32. Bb3 Rc8 33. c4 Rc6 34. c5 Rxc5 35. Qe3 Rc4 36. Rxh6+ gxh6 37. Qxh6+ Kg8 38. Bxc4+ Nxc4 39. Qg6+ Kh8 40. Rd3 Qd7 41. Qh6+ Kg8 42. Rg3+ 1-0

[Event "VL-2022/23"]
[Site "MVP"]
[Date "2023.01.15"]
[Round "5.2"]
[White "Kutschke, Peter"]
[Black "Hubert, Peter"]
[Result "1/2-1/2"]
[WhiteElo "1993"]
[BlackElo "2114"]
[PlyCount "77"]
[EventDate "2022.??.??"]
[EventType "team-tourn"]
[EventRounds "9"]
[EventCountry "GER"]
[WhiteTeam "SF Schwerin II"]
[BlackTeam "HSG Stralsund"]
[WhiteTeamCountry "GER"]
[BlackTeamCountry "GER"]

1. e4 c5 2. c4 Nc6 3. Ne2 g6 4. d4 cxd4 5. Nxd4 Bg7 6. Be3 Nf6 7. Nc3 O-O 8. Be2 d6 9. O-O Bd7 10. Rc1 Rc8 11. b3 a6 12. f3 Nxd4 13. Bxd4 Ne8 14. Nd5 Bxd4+ 15. Qxd4 e6 16. Ne3 Qc7 17. Rfd1 e5 18. Qd2 Be6 19. b4 Qb6 20. Kh1 Rc6 21. a4 Qc7 22. Nd5 Qd8 23. Qe3 Bxd5 24. exd5 Rc8 25. c5 a5 26. bxa5 Qxa5 27. Bb5 Qa7 28. Re1 Rxc5 29. Rxc5 Qxc5 30. Qxc5 dxc5 31. Rxe5 Nd6 32. Re7 Rd8 33. Kg1 Kf8 34. Rc7 Rc8 35. Rd7 Nxb5 36. axb5 Ke8 37. Rxb7 c4 38. Ra7 c3 39. Ra1 1/2-1/2

[Event "VL-2022/23"]
[Site "MVP"]
[Date "2023.01.15"]
[Round "5.3"]
[White "Mehl, Ronald"]
[Black "Helms, Sven"]
[Result "1-0"]
[WhiteElo "2099"]
[BlackElo "1940"]
[PlyCount "79"]
[EventDate "2022.??.??"]
[EventType "team-tourn"]
[EventRounds "9"]
[EventCountry "GER"]
[WhiteTeam "HSG Stralsund"]
[BlackTeam "SF Schwerin II"]
[WhiteTeamCountry "GER"]
[BlackTeamCountry "GER"]

1. d4 d5 2. Nf3 e6 3. c4 Nf6 4. Qc2 Be7 5. Bf4 c6 6. e3 O-O 7. Nbd2 Nbd7 8. a3 a5 9. Bd3 Re8 10. Ne5 Nf8 11. Ndf3 Bd7 $4 12. Ng5 {ein guter Zeitpunkt für die Aufgabe der Partie...} Qc8 13. c5 b6 14. Ngxf7 bxc5 15. dxc5 Qb7 16. O-O Rec8 17. Nxd7 N8xd7 18. Nd6 Bxd6 19. Bxd6 e5 20. Qc3 Re8 21. b4 axb4 22. axb4 e4 23. Be2 Nf8 24. Ra5 Rxa5 25. bxa5 Ne6 26. a6 Qf7 27. Rb1 d4 28. exd4 Nd5 29. Qg3 Nxd4 30. Bc4 Nf5 31. Qf4 Nxd6 32. Qxd6 Rf8 33. Qg3 Qf6 34. h4 Qd4 35. Bxd5+ Qxd5 36. Rb7 Qd4 37. a7 g6 38. h5 Qxc5 39. Qb3+ Kh8 40. Qb2+ 1-0

[Event "VL-2022/23"]
[Site "MVP"]
[Date "2023.01.15"]
[Round "5.4"]
[White "Kupfernagel, Michael"]
[Black "Paulowitz, Bernd-Rainer"]
[Result "1/2-1/2"]
[WhiteElo "2030"]
[BlackElo "1904"]
[PlyCount "94"]
[EventDate "2022.??.??"]
[EventType "team-tourn"]
[EventRounds "9"]
[EventCountry "GER"]
[WhiteTeam "SF Schwerin II"]
[BlackTeam "HSG Stralsund"]
[WhiteTeamCountry "GER"]
[BlackTeamCountry "GER"]

1. d4 d5 2. Nc3 Nf6 3. Bg5 Bf5 4. f3 Nc6 5. e3 e6 6. Nge2 h6 7. Bh4 g5 8. Bf2 Nb4 9. Rc1 a6 10. g4 Bg6 11. h4 Bg7 12. a3 Nc6 13. Bg2 Qe7 14. h5 Bh7 15. O-O O-O 16. Ng3 Rad8 17. f4 gxf4 18. exf4 Ne4 19. Ncxe4 dxe4 20. c3 f5 21. gxf5 Bxf5 22. Qe2 Bh7 23. Be3 Qh4 24. Nxe4 Rf5 25. Bf2 Qxh5 26. Qxh5 Rxh5 27. Nc5 Na5 28. Nxe6 Rd6 29. d5 Nb3 30. Nxg7 Kxg7 31. Bd4+ Kf8 32. Rce1 Nxd4 33. cxd4 Bd3 34. Rf2 Rf5 35. Re5 Rdf6 36. Rxf5 Bxf5 37. Kh2 Rd6 38. b4 a5 39. Rb2 axb4 40. axb4 Ke7 41. Kg3 Rg6+ 42. Kf2 Rb6 43. Ke3 Rg6 44. Bf3 Rb6 45. Bh5 Kd7 46. Bf3 Kd6 47. Bh5 Kd7 1/2-1/2

[Event "VL-2022/23"]
[Site "MVP"]
[Date "2023.01.15"]
[Round "5.5"]
[White "Bramhoff, Jakob"]
[Black "Goertz, Frank"]
[Result "1-0"]
[WhiteElo "1659"]
[BlackElo "1778"]
[PlyCount "69"]
[EventDate "2022.??.??"]
[EventType "team-tourn"]
[EventRounds "9"]
[EventCountry "GER"]
[WhiteTeam "HSG Stralsund"]
[BlackTeam "SF Schwerin II"]
[WhiteTeamCountry "GER"]
[BlackTeamCountry "GER"]

1. e4 e6 2. d4 d5 3. Nc3 Bb4 4. e5 c5 5. a3 Bxc3+ 6. bxc3 Qc7 7. Qg4 Ne7 8. Bd2 Nbc6 9. Nf3 Bd7 10. Qxg7 Rg8 11. Qxh7 O-O-O 12. Qd3 Rg4 13. Ng5 Nxe5 14. dxe5 Qxe5+ 15. Kd1 Rxg5 16. Bxg5 Qxg5 17. Qe3 Qg4+ 18. f3 Qa4 19. Qxc5+ Nc6 20. Qb5 Qf4 21. Rb1 Qc7 22. Qc5 Kb8 23. h4 e5 24. Kc1 d4 25. cxd4 exd4 26. Bd3 Qf4+ 27. Kd1 Re8 28. Ba6 Nd8 29. Qb4 Bc6 30. Re1 Rg8 31. Qe7 d3 32. Bxd3 Ne6 33. Re2 Qd4 34. Qxf7 Rc8 35. Rxe6 1-0

[Event "VL-2022/23"]
[Site "MVP"]
[Date "2023.01.15"]
[Round "5.6"]
[White "Voll, Andreas"]
[Black "Wellssow, Keoki"]
[Result "1-0"]
[WhiteElo "1880"]
[BlackElo "1541"]
[PlyCount "83"]
[EventDate "2022.??.??"]
[EventType "team-tourn"]
[EventRounds "9"]
[EventCountry "GER"]
[WhiteTeam "SF Schwerin II"]
[BlackTeam "HSG Stralsund"]
[WhiteTeamCountry "GER"]
[BlackTeamCountry "GER"]

1. Nf3 g6 2. d4 Bg7 3. g3 d6 4. Bg2 Nd7 5. O-O e5 6. e4 Ne7 7. Re1 O-O 8. c3 f5 9. Qb3+ Kh8 10. Ng5 exd4 11. Nf7+ Rxf7 12. Qxf7 d5 13. Bg5 dxc3 14. Nxc3 Ne5 15. Qxe7 Qxe7 16. Bxe7 Nd3 17. Nxd5 Nxe1 18. Rxe1 fxe4 19. Nxc7 Rb8 20. Ne8 Be6 21. Nxg7 Kxg7 22. Bd6 Rd8 23. Be5+ Kf7 24. Bxe4 Bxa2 25. Bxb7 a5 26. Ra1 Bc4 27. Bc3 Rd7 28. Bf3 Rd3 29. Be2 Rxc3 30. bxc3 Bxe2 31. Rxa5 Kf6 32. f4 Bg4 33. Kf2 h5 34. Ke3 Bf5 35. Ra6+ Ke7 36. Kd4 Kd7 37. c4 Ke7 38. c5 Kd7 39. Kd5 Ke7 40. Ra7+ Kf6 41. Kd6 g5 42. c6 1-0

[Event "VL-2022/23"]
[Site "MVP"]
[Date "2023.01.15"]
[Round "5.7"]
[White "Glawe, Hartmut"]
[Black "Pamperin, Gerhard"]
[Result "1-0"]
[WhiteElo "2017"]
[BlackElo "1901"]
[PlyCount "61"]
[EventDate "2022.??.??"]
[EventType "team-tourn"]
[EventRounds "9"]
[EventCountry "GER"]
[WhiteTeam "HSG Stralsund"]
[BlackTeam "SF Schwerin II"]
[WhiteTeamCountry "GER"]
[BlackTeamCountry "GER"]

1. d4 d5 2. Bf4 Nf6 3. e3 e6 4. Nf3 c5 5. Nbd2 Nc6 6. c3 Bd7 7. Bd3 cxd4 8. exd4 Be7 9. h3 h6 10. O-O O-O 11. Re1 Rc8 12. Rc1 a6 13. Ne5 b5 14. a4 Qb6 15. axb5 axb5 16. b4 Ra8 17. Nb3 Rfd8 18. Bc2 Be8 19. Qd3 Kf8 20. Ng4 Ng8 21. Qh7 Bg5 22. Bxg5 hxg5 23. Nc5 Nce7 24. Re3 Rd6 25. Rce1 Bd7 26. Qh8 f5 27. Nxd7+ Rxd7 28. Rxe6 Qc7 29. Ne5 Rd6 30. Qh5 g6 31. Nxg6+ 1-0

[Event "VL-2022/23"]
[Site "MVP"]
[Date "2023.01.15"]
[Round "5.1"]
[White "Schmidt, Peter"]
[Black "Stutz, Reno"]
[Result "1/2-1/2"]
[WhiteElo "2109"]
[BlackElo "2039"]
[PlyCount "68"]
[EventDate "2022.??.??"]
[EventType "team-tourn"]
[EventRounds "9"]
[EventCountry "GER"]
[WhiteTeam "SSC Rostock"]
[BlackTeam "GW Wismar"]
[WhiteTeamCountry "GER"]
[BlackTeamCountry "GER"]

1. Nf3 d5 2. b3 Bf5 3. Bb2 e6 4. d3 Nf6 5. Nbd2 h6 6. e3 Bd6 7. Qe2 Bg4 8. h3 Bxf3 9. Nxf3 Qe7 10. g3 Nc6 11. Bg2 O-O 12. O-O e5 13. Nh4 Qd7 14. e4 d4 15. f4 a5 16. a4 Rae8 17. fxe5 Rxe5 18. Rxf6 gxf6 19. Qf2 Rg5 20. Nf5 Rxf5 21. exf5 Be5 22. Rf1 Qd6 23. Bc1 Kg7 24. Qe2 Rh8 25. g4 b6 26. Be4 Ne7 27. Qf3 Kf8 28. Rf2 c6 29. Kf1 b5 30. Ke2 bxa4 31. bxa4 Qc5 32. Kd1 Qc3 33. Bd2 Qa1+ 34. Ke2 Qxa4 1/2-1/2

[Event "VL-2022/23"]
[Site "MVP"]
[Date "2023.01.15"]
[Round "5.2"]
[White "Schinke, Andreas"]
[Black "Kallweit, Paul"]
[Result "0-1"]
[WhiteElo "2053"]
[BlackElo "1891"]
[PlyCount "52"]
[EventDate "2022.??.??"]
[EventType "team-tourn"]
[EventRounds "9"]
[EventCountry "GER"]
[WhiteTeam "GW Wismar"]
[BlackTeam "SSC Rostock"]
[WhiteTeamCountry "GER"]
[BlackTeamCountry "GER"]

1. e4 c6 2. c4 d5 3. exd5 cxd5 4. d4 Nf6 5. Nc3 Nc6 6. cxd5 Nxd5 7. Nf3 e6 8. Bd3 Be7 9. O-O O-O 10. a3 Nxc3 11. bxc3 b6 12. Qe2 Bb7 13. Bb2 Rc8 14. c4 Bf6 15. Rfd1 Qe7 16. Rac1 Rfd8 17. Ne5 Bxe5 18. dxe5 Rd7 19. f4 Rcd8 20. h3 Nd4 21. Qf2 Nb3 22. Bxh7+ Kxh7 23. Qc2+ g6 24. Qxb3 Qc5+ 25. Kh1 Qf2 26. Rg1 Rd2 0-1

[Event "VL-2022/23"]
[Site "MVP"]
[Date "2023.01.15"]
[Round "5.3"]
[White "Hodl, Ingolf"]
[Black "Kliewe, Hans-Juergen"]
[Result "0-1"]
[WhiteElo "1911"]
[BlackElo "2111"]
[PlyCount "76"]
[EventDate "2022.??.??"]
[EventType "team-tourn"]
[EventRounds "9"]
[EventCountry "GER"]
[WhiteTeam "SSC Rostock"]
[BlackTeam "GW Wismar"]
[WhiteTeamCountry "GER"]
[BlackTeamCountry "GER"]

1. e4 c6 2. d3 d5 3. Nd2 e5 4. Ngf3 Bd6 5. g3 Nf6 6. Bg2 O-O 7. O-O Bg4 8. Re1 Nbd7 9. c3 Bc7 10. Nf1 dxe4 11. dxe4 Nc5 12. Qxd8 Rfxd8 13. Bg5 Rd3 14. Bxf6 gxf6 15. Ne3 Be6 16. Bf1 Rd7 17. Bc4 Rad8 18. Bxe6 fxe6 19. Ng4 Kg7 20. h4 h5 21. Ngh2 b5 22. g4 Nd3 23. Re2 Nf4 24. Rc2 Rd1+ 25. Rxd1 Rxd1+ 26. Nf1 hxg4 27. N3d2 Bb6 28. c4 Bd4 29. Nb3 b4 30. Nxd4 exd4 31. Rd2 Re1 32. b3 Ra1 33. Rb2 a5 34. Rd2 e5 35. Rb2 Kg6 36. Rd2 Kh5 37. Rb2 Kxh4 38. Rd2 Kh3 0-1

[Event "VL-2022/23"]
[Site "MVP"]
[Date "2023.01.15"]
[Round "5.4"]
[White "Lanz, Joerg"]
[Black "Nour, Alaa"]
[Result "1-0"]
[WhiteElo "2055"]
[BlackElo "1774"]
[PlyCount "63"]
[EventDate "2022.??.??"]
[EventType "team-tourn"]
[EventRounds "9"]
[EventCountry "GER"]
[WhiteTeam "GW Wismar"]
[BlackTeam "SSC Rostock"]
[WhiteTeamCountry "GER"]
[BlackTeamCountry "GER"]

1. Nf3 b6 2. g3 Bb7 3. Bg2 g6 4. O-O d6 5. d3 Nf6 6. e4 Bg7 7. c3 Nbd7 8. h3 O-O 9. Be3 e5 10. c4 a5 11. Nc3 h6 12. Qd2 Kh7 13. Nh2 Nc5 14. Ng4 Ng8 15. f4 Ne6 16. Rf2 exf4 17. gxf4 Qh4 18. Ne2 Rae8 19. Raf1 Bc8 20. f5 Ng5 21. Bxg5 hxg5 22. f6 Bh8 23. Nh2 g4 24. hxg4 Nxf6 25. Rf3 Bxg4 26. Nxg4 Qxg4 27. Rh3+ Nh5 28. Rf4 Qg5 29. Rxf7+ Rxf7 30. Qxg5 Bxb2 31. Nf4 Bd4+ 32. Kh1 1-0

[Event "VL-2022/23"]
[Site "MVP"]
[Date "2023.01.15"]
[Round "5.5"]
[White "Walz, Fabian"]
[Black "Littke, Helmut"]
[Result "1/2-1/2"]
[WhiteElo "1342"]
[BlackElo "2054"]
[PlyCount "37"]
[EventDate "2022.??.??"]
[EventType "team-tourn"]
[EventRounds "9"]
[EventCountry "GER"]
[WhiteTeam "SSC Rostock"]
[BlackTeam "GW Wismar"]
[WhiteTeamCountry "GER"]
[BlackTeamCountry "GER"]

1. e4 c5 2. c3 d5 3. exd5 Qxd5 4. d4 cxd4 5. cxd4 Nc6 6. Nf3 e6 7. Be3 Nf6 8. Nc3 Qa5 9. Bd3 Be7 10. O-O O-O 11. Ng5 h6 12. Nge4 Bd7 13. Nxf6+ Bxf6 14. Qg4 Bg5 15. h4 f5 16. Qh3 Bxe3 17. fxe3 Nb4 18. Bc4 Rac8 19. Bb3 1/2-1/2

[Event "VL-2022/23"]
[Site "MVP"]
[Date "2023.01.15"]
[Round "5.8"]
[White "Podolskiy, Alexander"]
[Black "Wurst, Oliver"]
[Result "1-0"]
[WhiteElo "1970"]
[BlackElo "1631"]
[PlyCount "27"]
[EventDate "2022.??.??"]
[EventType "team-tourn"]
[EventRounds "9"]
[EventCountry "GER"]
[WhiteTeam "GW Wismar"]
[BlackTeam "SSC Rostock"]
[WhiteTeamCountry "GER"]
[BlackTeamCountry "GER"]

1. e4 c5 2. Nf3 e6 3. d4 cxd4 4. Nxd4 Nf6 5. Nc3 d6 6. Be3 Be7 7. Be2 a6 8. Qd2 Qc7 9. f4 Nc6 10. O-O-O b5 11. Nxc6 Qxc6 12. e5 b4 13. Bf3 bxc3 14. Bxc6+ 1-0

[Event "VL-2022/23"]
[Site "MVP"]
[Date "2023.01.15"]
[Round "5.1"]
[White "Kist, Eike Andreas"]
[Black "Tovmasyan, Minas"]
[Result "1-0"]
[WhiteElo "1697"]
[BlackElo "1838"]
[PlyCount "57"]
[EventDate "2022.??.??"]
[EventType "team-tourn"]
[EventRounds "9"]
[EventCountry "GER"]
[WhiteTeam "Think Rochade"]
[BlackTeam "Makkabi Rostock"]
[WhiteTeamCountry "GER"]
[BlackTeamCountry "GER"]

1. e4 c5 2. Nf3 e6 3. d4 cxd4 4. Nxd4 a6 5. Bd3 Bc5 6. Nb3 Be7 7. O-O Qc7 8. c4 Nf6 9. Nc3 b6 10. Be3 d6 11. Rc1 Bb7 12. Qe2 O-O 13. Rfd1 Nbd7 14. Bb1 Rac8 15. Nd2 Rfe8 16. f4 Nc5 17. h3 Qb8 18. Bf2 Bc6 19. Nf3 Qb7 20. Re1 b5 21. b4 Ncd7 22. e5 Nh5 23. exd6 Bf6 24. c5 Nxf4 25. Qc2 g6 26. Ne4 Bg7 27. Nd4 Bd5 28. c6 Bxc6 29. Nxc6 1-0